[Event "ch-Commonwealth"]
[Site "Nagpur IND"]
[Date "2008.10.04"]
[Round "9"]
[White "Rahman,Zia"]
[Black "Shyam,SM"]
[Result "1/2-1/2"]
[WhiteElo "2564"]
[BlackElo "2312"]

1.d4 Nf6 2.Bg5 g6 3.Bxf6 exf6 4.e3 f5 5.c4 Bg7 6.Nc3 d6 7.Bd3 f4 8.Qf3 fxe3
9.fxe3 Qh4+ 10.g3 Qf6 11.Qf4 Qxf4 12.gxf4 Nc6 13.Nge2 Bd7 14.a3 O-O-O 15.b4 Rde8
16.Kd2 Ne7 17.Ng3 Ng8 18.Rhg1 Nf6 19.Nge4 Ng4 20.Rg3 f5 21.Ng5 Nxh2 22.Rh1 Ng4
23.Rxh7 Rxh7 24.Nxh7 Rh8 25.Ng5 Rh1 26.Rh3 Rxh3 27.Nxh3 c5 28.Ne2 cxb4 29.axb4 Bf8
30.Nc3 Nf6 31.Ng5 Be7 32.Be2 Ng4 33.Nd5 Bxg5 34.fxg5 Nf2 35.Bf3 Nh3 36.Ne7+ Kc7
37.Nxg6 Nxg5 38.Bd5 Bc6 39.Ne7 Bxd5 40.Nxd5+ Kd7 41.Kd3 Ne4 42.Nf4 Nf2+ 43.Kc2 Ne4
44.Nd5 Ng3 45.Kb3 Nf1 46.b5 b6 47.Kc3 Ng3 48.Kd3 Kc8 49.Nb4 Kb7 50.Kd2 Kc7
51.Ke1 Kb7 52.Kf2 Ne4+ 53.Ke2 Kc7 54.Nd5+ Kd7 55.Nf4 Nc3+ 56.Kd3 Ne4 57.Ng6 Nf2+
58.Ke2 Ne4 59.Nh4 Ke6 60.Ng2 Kd7 61.Nf4 Ng3+ 62.Ke1 Kc7 63.Nd5+ Kb7 64.Nb4 Kc7
65.Na6+ Kb7 66.Kd2 Ne4+ 67.Kd3 Nf2+ 68.Ke2 Ne4 69.Nb4 Kc7 70.d5 Kb7 71.Kd3 Nc5+
72.Kd4 Nb3+ 73.Kc3 Nc5 74.Nc6 a5 75.bxa6+ Kxa6 76.Ne7 Ne4+ 77.Kb4 Ng3 78.Ka4 Kb7
79.Kb5 Kc7 80.Ka6 Kd7 81.Ng6 Nf1 82.Kxb6 Nxe3 83.Kb5 Kc7 84.Nf8 Kb7 85.Ne6 Kc8
86.Nf4 Kc7 87.Ne6+ Kb7 88.c5 Nxd5 89.cxd6 Nc3+ 90.Kc4 Kc6 91.Nd4+ Kxd6 92.Nxf5+  1/2-1/2

[Event "TCh-FIN"]
[Site "Finland FIN"]
[Date "2008.10.05"]
[Round "4"]
[White "Karttunen,M"]
[Black "Nevanlinna,R"]
[Result "1-0"]
[WhiteElo "2418"]
[BlackElo "2307"]

1.d4 Nf6 2.Bg5 c5 3.d5 Ne4 4.Bf4 Qb6 5.Nd2 Qxb2 6.Nxe4 Qb4+ 7.Qd2 Qxe4 8.Nf3 d6
9.e3 Qb4 10.c3 Qa5 11.e4 g6 12.Rc1 Bg7 13.e5 dxe5 14.Bxe5 O-O 15.Bxg7 Kxg7
16.h4 h5 17.Be2 Bg4 18.Ne5 Bxe2 19.Qxe2 Qc7 20.O-O Nd7 21.f4 Nxe5 22.fxe5 c4
23.Rcd1 Rad8 24.Rd4 Qc5 25.Qe4 b5 26.Kh1 Qa3 27.Qf3 f6 28.Qe3 fxe5 29.Qxe5+ Kh7
30.Rdf4 Rxf4 31.Rxf4 Qc1+ 32.Kh2 Kg8 33.Qe6+ Kh8 34.Rf7 Qxc3 35.Qxe7 Kg8
36.Rf3 Qa5 37.Rf6  1-0

[Event "Chigorin Memorial"]
[Site "St Petersburg RUS"]
[Date "2008.10.05"]
[Round "2"]
[White "Konenkin,D"]
[Black "Airumian,S"]
[Result "1-0"]
[WhiteElo "2296"]
[BlackElo "2070"]

1.d4 Nf6 2.Bg5 c5 3.Nc3 Qb6 4.d5 Qxb2 5.Bd2 Qb6 6.e4 d6 7.f4 Nbd7 8.Nf3 a6
9.e5 dxe5 10.fxe5 Ng4 11.Qe2 e6 12.Qe4 h5 13.Bc4 Nb8 14.O-O Qc7 15.a4 f6
16.dxe6 Nxe5 17.Nd5 Qd6 18.Nxe5 Bxe6 19.Qg6+ Kd8 20.Ba5+  1-0

[Event "1st WMSG Rapid Ind w"]
[Site "Beijing CHN"]
[Date "2008.10.06"]
[Round "4"]
[White "Hoang Thanh Trang"]
[Black "Huang Qian"]
[Result "1/2-1/2"]
[WhiteElo "2483"]
[BlackElo "2430"]

1.d4 Nf6 2.Bg5 g6 3.Bxf6 exf6 4.e3 f5 5.g3 d6 6.Bg2 h5 7.h4 Nd7 8.c4 Nf6
9.Nc3 Bh6 10.Nge2 O-O 11.Qd3 Re8 12.b4 c6 13.b5 Bd7 14.a4 Qa5 15.O-O Rad8
16.Nf4 Bxf4 17.exf4 Re7 18.Rfb1 Rde8 19.bxc6 bxc6 20.d5 c5 21.Nb5 Re1+ 22.Rxe1 Rxe1+
23.Rxe1 Qxe1+ 24.Qf1 Qxf1+ 25.Kxf1 Ne8 26.Nxa7 Bxa4 27.Nc8 Bb3 28.Nb6 Nf6
29.Ke2 Kf8 30.Kd3 Ke8 31.Kc3 Bd1 32.Kd2 Bb3 33.Kc3 Bd1  1/2-1/2

[Event "ch-Commonwealth"]
[Site "Nagpur IND"]
[Date "2008.10.06"]
[Round "11"]
[White "Satyapragyan,S"]
[Black "Joshi,GB"]
[Result "1/2-1/2"]
[WhiteElo "2414"]
[BlackElo "2303"]

1.d4 Nf6 2.Bg5 d5 3.e3 c5 4.Bxf6 gxf6 5.Nf3 Nc6 6.Nc3 Bg4 7.Be2 e6 8.dxc5 Bxc5
9.Nd4 Bxe2 10.Ncxe2 f5 11.Qd2 Rg8  1/2-1/2

[Event "1st WMSG Blitz Pair"]
[Site "Beijing CHN"]
[Date "2008.10.08"]
[Round "1"]
[White "Puuska,H"]
[Black "Peng Zhaoqin"]
[Result "0-1"]
[WhiteElo "2008"]
[BlackElo "2455"]

1.d4 Nf6 2.Bg5 d5 3.Bxf6 exf6 4.e3 Be6 5.Ne2 Bd6 6.g3 c6 7.Bg2 O-O 8.O-O Nd7
9.Nd2 f5 10.b3 Nf6 11.c4 Ne4 12.Rc1 Bb4 13.Nf3 f6 14.Nf4 Bf7 15.cxd5 cxd5
16.Nd3 Ba3 17.Rc2 Qe7 18.Nh4 g6 19.Qe2 Rac8 20.Nf3 b6 21.Rd1 a5 22.Nb2 Bxb2
23.Rxb2 Nc3 24.Qd2 Nxd1 25.Qxd1 Rc3 26.Rc2 Rfc8 27.Rxc3 Rxc3 28.Qd2 Qc7 29.h3 Kg7
30.Kh2 Rc2 31.Qd3 Rxf2 32.h4 h5 33.Kg1 Rxa2 34.Qd2  0-1

[Event "1st WMSG Blitz Pair"]
[Site "Beijing CHN"]
[Date "2008.10.08"]
[Round "10"]
[White "Puuska,H"]
[Black "Greeff,M"]
[Result "1-0"]
[WhiteElo "2008"]
[BlackElo "1963"]

1.d4 d5 2.Bg5 Nf6 3.Bxf6 gxf6 4.g3 e5 5.Bg2 c6 6.e3 Bf5 7.Ne2 Qd7 8.O-O h5
9.Nd2 h4 10.c4 hxg3 11.fxg3 Bh6 12.Qb3 Bh3 13.cxd5 Bxg2 14.Kxg2 Bg5 15.h4 Bh6
16.dxc6 Qxc6+ 17.d5 Qd7 18.Ne4 Bg7 19.Nxf6+ Bxf6 20.Rxf6 Na6 21.Raf1 Nc5
22.Qc4 b6 23.Rxf7 Qxf7 24.Rxf7 Kxf7 25.d6+ Ke8 26.b4 Nd7 27.Qe6+ Kd8 28.Qe7+ Kc8
29.Nc3 Rg8 30.Nd5 Rh8 31.Nf6 Rd8 32.Nxd7 Rxd7 33.Qxe5 Kb7 34.Qd5+ Kb8 35.Qc6 Rb7
36.d7 Rxd7 37.Qxd7 a5 38.bxa5 Rxa5 39.Qd6+ Kb7 40.Qd7+ Ka6 41.Qe6 Rc5 42.g4 Rc2+
43.Kf3 Ka7 44.g5 Ka8 45.Qe7 Kb8 46.Ke4  1-0

[Event "FSGM October"]
[Site "Budapest HUN"]
[Date "2008.10.08"]
[Round "5"]
[White "Duong The Anh"]
[Black "Collins,S IRL"]
[Result "1/2-1/2"]
[WhiteElo "2420"]
[BlackElo "2412"]

1.d4 Nf6 2.Bg5 d5 3.e3 c5 4.Bxf6 gxf6 5.dxc5 e6 6.Nc3 Bxc5 7.Qh5 f5 8.g4 fxg4
9.Qxg4 Nd7 10.O-O-O Qf6 11.Nb5 Ke7 12.Nf3 h5 13.Qg3 a6 14.Nc3 h4 15.Qg4 Nb6
16.Rg1 Bd7 17.Be2 Rh6 18.Qg5 Qxg5 19.Rxg5 Rah8 20.Rdg1 Kf8 21.Ne5 Bc8 22.Ng4 Rh5
23.Rxh5 Rxh5 24.Nf6 Rh8 25.Bd3 Nd7 26.Nxd7+ Bxd7 27.Kd2 Bd6 28.h3 Ke7 29.Be2 Be5
30.Nd1 d4 31.Bf3 b6 32.exd4 Bxd4 33.c3 Bf6 34.Ne3 Rd8 35.Kc2 Ba4+ 36.Kc1 Be8
37.Rg4 Bd7 38.Kc2 Bb5 39.Nc4 a5 40.Bg2 Rb8 41.Nd2 Rh8 42.Nc4 Rh5 43.Ne3 Be5
44.Rg8 Rh8 45.Rxh8 Bxh8 46.Bf1 Bxf1 47.Nxf1 f5 48.Kb3 Kd6 49.Kc4 Bf6 50.Nd2 Bd8
51.a4 Ke5 52.b4 axb4 53.cxb4 Kf4 54.Kd3 Ke5 55.Nc4+ Kd5 56.Ne3+ Ke5 57.Nc4+ Kd5
58.Ne3+ Ke5  1/2-1/2

[Event "Belgrade Premier League"]
[Site "Belgrade SRB"]
[Date "2008.10.09"]
[Round "5"]
[White "Zmijanac,D"]
[Black "Spasojevic,Z"]
[Result "1-0"]
[WhiteElo "2202"]
[BlackElo "2250"]

1.d4 Nf6 2.Bg5 g6 3.Bxf6 exf6 4.e3 Bg7 5.g3 O-O 6.Bg2 d6 7.Ne2 c6 8.c4 Be6
9.Nd2 Qc8 10.Nf4 Na6 11.O-O Rb8 12.Rc1 c5 13.Rc2 f5 14.Nb3 Re8 15.Qd2 Bd7
16.Rfc1 Bc6 17.Nd5 b6 18.Qd3 Qb7 19.Qf1 Nc7 20.dxc5 dxc5 21.Rd2 a5 22.Rcd1 Ne6
23.h4 a4 24.Nc1 b5 25.b3 Qa6 26.Qd3 bxc4 27.bxc4 a3 28.Nb3 Ba4 29.Rb1 Qa7
30.Qc2 Bxb3 31.axb3 Red8 32.Qa2 Kf8 33.Rd3 Qa5 34.Rbd1 h5 35.Bf3 Rd6 36.Kg2 Rbd8
37.Rb1 Rb8 38.Rdd1 Ra6 39.Rd3 Ra7 40.Rbd1 Rd8 41.Rb1 Bb2 42.Rdd1 Be5 43.b4 cxb4
44.Nxb4 Rxd1 45.Bxd1 Qc5 46.Bf3 Bb2 47.Nd3 Qc7 48.Nxb2 axb2 49.Qxb2 Nc5 50.Qh8+ Ke7
51.Rb8 Ne6 52.Bd5  1-0

[Event "Chigorin Memorial"]
[Site "St Petersburg RUS"]
[Date "2008.10.09"]
[Round "7"]
[White "Sorokina,A RUS"]
[Black "Platonova,L"]
[Result "1-0"]
[WhiteElo "2068"]
[BlackElo "1919"]

1.d4 Nf6 2.Bg5 d5 3.Nd2 e6 4.e3 Be7 5.Bd3 Nbd7 6.f4 c5 7.c3 O-O 8.Qe2 a6
9.g4 Ne8 10.Ngf3 b5 11.e4 dxe4 12.Qxe4 g6 13.Qxa8 Bxg5 14.Nxg5 h6 15.h4 Nd6
16.Qg2 hxg5 17.hxg5 Kg7 18.Qh3 Rh8 19.Qxh8+ Qxh8 20.Rxh8 Kxh8 21.Ne4 Nxe4
22.Bxe4 c4 23.a4 Kg7 24.axb5 axb5 25.Ra8  1-0

[Event "1st WMSG Rapid Pair"]
[Site "Beijing CHN"]
[Date "2008.10.10"]
[Round "6"]
[White "Puuska,H"]
[Black "Hernandez Guerrero,Y"]
[Result "1/2-1/2"]
[WhiteElo "2008"]
[BlackElo "2228"]

1.d4 Nf6 2.Bg5 c5 3.Bxf6 gxf6 4.d5 Qb6 5.Qc1 f5 6.e3 Bg7 7.c3 d6 8.Nd2 Qc7
9.Bd3 Na6 10.Ne2 Bd7 11.Nf4 h5 12.Qc2 Qc8 13.a4 Nc7 14.O-O Be5 15.c4 Na6
16.Be2 Nb4 17.Qb3 h4 18.Nd3 Nxd3 19.Bxd3 Qc7 20.f4 Bf6 21.Qc2 e6 22.e4 Bd4+
23.Kh1 h3 24.g3 fxe4 25.Bxe4 O-O-O 26.Nf3 Bg7 27.a5 a6 28.Ng5 Rdf8 29.f5 exd5
30.Bxd5 Bc6 31.f6 Bh6 32.Nxh3 Be3 33.Nf4 Kb8 34.Qg2 Rh6 35.Rae1 Bxf4 36.Rxf4 Bxd5
37.Qxd5 Rfh8 38.Rf2 Qxa5 39.Qxd6+  1/2-1/2

[Event "1st WMSG Rapid Pair"]
[Site "Beijing CHN"]
[Date "2008.10.11"]
[Round "8"]
[White "Ui Laighleis,G"]
[Black "Hallaeva,B"]
[Result "0-1"]
[WhiteElo "1935"]
[BlackElo "2119"]

1.d4 Nf6 2.Bg5 c5 3.Bxf6 exf6 4.e3 Qb6 5.b3 d6 6.Nf3 Be7 7.Bd3 Nc6 8.dxc5 dxc5
9.O-O O-O 10.c3 Rd8 11.Qc2 g6 12.Nbd2 Be6 13.Rfd1 Rd7 14.Nc4 Qc7 15.h3 Rad8
16.Be2 Ne5 17.Ncxe5 fxe5 18.Rxd7 Rxd7 19.c4 f5 20.e4 Bf6 21.Rd1 Rxd1+ 22.Qxd1 fxe4
23.Nd2 Qc6 24.Nf1 Bg5 25.Ng3 Kf7 26.Nf1 Qd7 27.Qxd7+ Bxd7 28.Ng3 Bf5 29.Nf1 Bd7
30.Bd1 h5 31.a3 Bc6 32.Bc2 Bc1 33.a4 Bf4 34.Bb1 Kf6 35.Bc2 b6 36.Bb1 a6 37.Bc2 Bb7
38.Bb1 g5 39.Bc2 h4 40.Bb1 Bc1 41.Bc2 Kf5 42.g3 Kf6 43.Bb1 Kf5 44.Bc2 Bc6
45.Bb1 Bb7 46.Bc2 Kf6 47.Bb1 Ke6 48.Bc2 Kd6 49.Bb1 Kc7 50.Bc2 b5 51.axb5 axb5
52.cxb5 Kb6 53.Nh2 hxg3 54.fxg3 Kxb5 55.Ng4 Bb2 56.Ne3 Kb4 57.Nd1 Bd4+ 58.Kf1 Ba6+
59.Kg2 Bd3  0-1

[Event "Chigorin Memorial"]
[Site "St Petersburg RUS"]
[Date "2008.10.11"]
[Round "9"]
[White "Kozlov,M2"]
[Black "Platonova,L"]
[Result "1-0"]
[WhiteElo "2025"]
[BlackElo "1919"]

1.d4 Nf6 2.Bg5 d5 3.Nf3 e6 4.e3 c5 5.Nbd2 Be7 6.c3 Nbd7 7.Bd3 a6 8.Ne5 Nxe5
9.dxe5 Nd7 10.Bxe7 Qxe7 11.f4 f5 12.exf6 gxf6 13.c4 dxc4 14.Nxc4 b5 15.Qh5+ Kd8
16.Be4 Rb8 17.Na5 Kc7 18.Nc6 Qg7 19.Nxb8 Kxb8 20.O-O-O f5 21.Bf3 Rg8 22.Rd6 Nf6
23.Qh4 Re8 24.Bc6 Re7 25.Rhd1 Kc7 26.e4 fxe4 27.Qf2 Nd7 28.Bxd7 Rxd7 29.Qxc5+ Kd8
30.Qa7 Qf7 31.Rxd7+ Bxd7 32.g3 Qe8 33.Qxa6 Ke7 34.Qd6+ Kd8 35.Qb8+ Ke7 36.Qc7 Qc8
37.Qxc8 Bxc8 38.Kd2 Bb7 39.Ke3 Bc6 40.Rd4 Kf6 41.g4 h5 42.h3 e5 43.Rd6+  1-0

[Event "Chigorin Memorial"]
[Site "St Petersburg RUS"]
[Date "2008.10.11"]
[Round "9"]
[White "Eidelson,R"]
[Black "Balaian,Ali"]
[Result "1-0"]
[WhiteElo "2220"]
[BlackElo "1934"]

1.d4 Nf6 2.Bg5 c5 3.d5 e6 4.Nc3 h6 5.Bxf6 Qxf6 6.e4 a6 7.a4 d6 8.Nf3 g5 9.Nd2 Nd7
10.dxe6 fxe6 11.Nc4 Ne5 12.Nxd6+ Bxd6 13.Qxd6 Rf8 14.Qxc5 Bd7 15.Be2 g4 16.O-O-O b5
17.axb5 axb5 18.Kb1 Kf7 19.Bxg4 Rfc8 20.Bh5+ Kg8 21.Qe3 Rc7 22.f4 Rca7 23.Kc1 Ra1+
24.Nb1 Nc4 25.Qg3+ Kf8 26.e5 Qe7 27.Qg6 R8a2 28.Qxh6+ Kg8 29.Rd3 Rxb1+ 30.Kxb1 Rxb2+
31.Ka1  1-0

[Event "Chigorin Memorial"]
[Site "St Petersburg RUS"]
[Date "2008.10.11"]
[Round "9"]
[White "Smirnov,Arte"]
[Black "Zhukov,K"]
[Result "1-0"]
[WhiteElo "2460"]
[BlackElo "2183"]

1.d4 Nf6 2.Bg5 c5 3.d5 Qb6 4.Nc3 Qxb2 5.Bd2 Qb6 6.e4 e5 7.f4 d6 8.Rb1 Qc7
9.Nf3 Nbd7 10.f5 a6 11.a4 h5 12.Be2 Be7 13.O-O c4 14.Ng5 Rb8 15.Kh1 Qc5 16.Qc1 Ng4
17.h3 b5 18.axb5 axb5 19.Nf3 b4 20.Nd1 Ndf6 21.Ng5 Nxe4 22.Nxe4 Qxd5 23.Ng3 Nf6
24.Bxb4 Qc6 25.Re1 e4 26.Ne3 Ba6 27.c3 Nd7 28.Nc2 h4 29.Nd4 Qd5 30.Nxe4 Qxe4
31.Bf3 Qd3 32.Re3 Ne5 33.Rxd3 Nxd3 34.Qe3 Nc5 35.Re1  1-0

[Event "XV PRO AM Open"]
[Site "Villa Martelli ARG"]
[Date "2008.10.12"]
[Round "3"]
[White "Real de Azua,E"]
[Black "Granara Barreto,S"]
[Result "1-0"]
[WhiteElo "2413"]
[BlackElo "2260"]

1.d4 Nf6 2.Bg5 d5 3.e3 g6 4.Bxf6 exf6 5.Ne2 Bg7 6.g3 c6 7.Nd2 Bg4 8.Bg2 O-O
9.O-O Qe7 10.Re1 Bxe2 11.Rxe2 f5 12.c4 dxc4 13.Nxc4 Nd7 14.Na5 Nb6 15.Rc2 Rac8
16.Rb1 h5 17.b4 h4 18.b5 hxg3 19.hxg3 cxb5 20.Rxb5 Rxc2 21.Qxc2 Rb8 22.Rc5 Bh6
23.Rc7 Qb4 24.Qb3 Qe1+ 25.Bf1 Rf8 26.Nxb7 Nd5 27.Qxd5 Bxe3 28.Qf3 Bxd4 29.Kg2 Bb6
30.Rc2 Qe7 31.Bc4 f4 32.gxf4 Kg7 33.Bd5 Qh4 34.Qc3+ Kg8 35.Qg3 Qh5 36.Qg5 Kg7
37.Qxh5 gxh5 38.a4 Rb8 39.Bf3 a5 40.Rb2 Bc7 41.Bxh5 Bxf4 42.Rb5 Bc7 43.Kf3 Kf6
44.Bg4 Ke7 45.Ke4 Rg8 46.f3 Ra8 47.Kd5 Ra6 48.Kc4 Rf6 49.Rf5 Rb6 50.Nxa5 Ra6
51.Kb4 Rb6+ 52.Rb5 Rf6 53.Nc4  1-0

[Event "1st WMSG Blitz Team w"]
[Site "Beijing CHN"]
[Date "2008.10.13"]
[Round "6"]
[White "Vahtra,T"]
[Black "Domarkaite,L"]
[Result "1-0"]
[WhiteElo "1961"]
[BlackElo "2165"]

1.d4 Nf6 2.Bg5 c5 3.d5 Qb6 4.Bc1 e6 5.Nc3 exd5 6.Nxd5 Nxd5 7.Qxd5 d6 8.e4 Be6
9.Qd3 Qb4+ 10.c3 Qb6 11.Qb5+ Nd7 12.Nf3 Be7 13.Qa4 O-O 14.Be2 Bf6 15.O-O Rad8
16.Rb1 d5 17.exd5 Bxd5 18.Be3 Qc6 19.Bb5 Qc7 20.Bf4 Qb6 21.Bxd7 Bxa2 22.Rbd1 Bb3  1-0

[Event "1st WMSG Blitz Team"]
[Site "Beijing CHN"]
[Date "2008.10.13"]
[Round "9"]
[White "Martyn,R"]
[Black "Gundavaa,B"]
[Result "0-1"]
[WhiteElo "2293"]
[BlackElo "2458"]

1.d4 Nf6 2.Bg5 c5 3.d5 Ne4 4.Bc1 e6 5.c4 b5 6.Nd2 Nf6 7.e4 bxc4 8.Nxc4 Nxe4
9.d6 Ba6 10.Qf3 f5 11.Bf4 Nc6 12.O-O-O g6 13.Be5 Nxe5 14.Nxe5 Bxf1 15.Rxf1 Bg7
16.Nc4 O-O 17.h4 Rb8 18.h5 Qg5+ 19.Kb1 Nd2+ 20.Nxd2 Rxb2+ 21.Ka1 Rxd2+ 22.Kb1 Rb2+
23.Ka1 Rb3+  0-1

[Event "1st WMSG Blitz Team"]
[Site "Beijing CHN"]
[Date "2008.10.13"]
[Round "11"]
[White "Martyn,R"]
[Black "Malachi,A"]
[Result "1-0"]
[WhiteElo "2293"]
[BlackElo "2195"]

1.d4 Nf6 2.Bg5 d5 3.Bxf6 exf6 4.e3 Bd6 5.Bd3 O-O 6.Qf3 c6 7.Nd2 Be6 8.Ne2 Qd7
9.h3 Na6 10.g4 Nb4 11.Nf4 Bxf4 12.exf4 Nxd3+ 13.Qxd3 f5 14.g5 Qd6 15.Qe3 Rfe8
16.O-O-O Rac8 17.Nf3 c5 18.Ne5 cxd4 19.Qxd4 Qc5 20.c3 b5 21.Kb1 a5 22.a3 Qd6
23.h4 b4 24.axb4 axb4 25.cxb4 Rb8 26.Nd3 Rec8 27.Rc1 Rxc1+ 28.Rxc1 Ra8 29.Rc5 Ra4
30.h5 h6 31.gxh6 gxh6 32.Rc1 Qa6 33.Rg1+ Kf8 34.Qc5+ Ke8 35.Rg8+ Kd7 36.Ne5+  1-0

[Event "1st WMSG Rapid Team w"]
[Site "Beijing CHN"]
[Date "2008.10.14"]
[Round "2"]
[White "Vahtra,T"]
[Black "Schneider,Ve"]
[Result "0-1"]
[WhiteElo "1961"]
[BlackElo "2315"]

1.d4 Nf6 2.Bg5 d5 3.Bxf6 exf6 4.g3 Be6 5.Bg2 c6 6.e3 Bd6 7.Ne2 h5 8.Nf4 Bg4
9.f3 Bf5 10.e4 dxe4 11.fxe4 Bg4 12.Qd3 g5 13.Ne2 Nd7 14.Nbc3 Qe7 15.O-O-O O-O-O
16.Kb1 Bc7 17.h3 Be6 18.Qf3 Kb8 19.Rhf1 g4 20.hxg4 Bxg4 21.Qf2 Rhg8 22.Rde1 Rg5
23.Nf4 Qb4 24.Nd3 Qc4 25.d5 c5 26.Rg1 a6 27.Bf1 Qd4 28.Qxd4 cxd4 29.Ne2 Ne5
30.Nxd4 Bb6 31.c3 Bxd4 32.cxd4 Nf3 33.Bg2 Nxg1 34.Rxg1 Be2 35.Nf4 Bb5 36.Bf3 h4
37.g4 Rdg8 38.b3 Bd7 39.Nh3 R5g7 40.Nf2 Rh8 41.Rh1 Kc7 42.e5 fxe5 43.dxe5 b5
44.Kb2 Kd8 45.Kc3 Ke7 46.Kd4 h3 47.d6+ Kd8 48.Ke3 h2 49.Kf4 Rh4 50.Kg3 Rh5
51.Rxh2 Rxe5 52.Nd3 Re3 53.Nb4 Bxg4 54.Rf2 Bxf3+ 55.Kf4 Re4+ 56.Kxf3 Rxb4
57.Rb2 Rd4 58.Ke3 Rxd6 59.Ke4 Kd7  0-1

[Event "1st WMSG Rapid Team"]
[Site "Beijing CHN"]
[Date "2008.10.15"]
[Round "5"]
[White "Martyn,R"]
[Black "Malachi,A"]
[Result "1-0"]
[WhiteElo "2293"]
[BlackElo "2195"]

1.d4 Nf6 2.Bg5 d5 3.Bxf6 exf6 4.e3 Bd6 5.Bd3 f5 6.Nd2 c6 7.Qf3 Qf6 8.Ne2 O-O
9.h4 Re8 10.O-O-O Na6 11.c3 b5 12.Kb1 Nc7 13.Ng3 Bxg3 14.Qxg3 Ne6 15.Qf3 Nd8
16.Nf1 Nb7 17.Qf4 Nd6 18.Nd2 a5 19.Nf3 Nc4 20.h5 h6 21.Qc7 Qd6 22.Qxd6 Nxd6
23.Ne5 Bb7 24.Rh4 f6 25.Ng6 Ne4 26.Rf4 Bc8 27.Nh4 Nd6 28.Nxf5 Nxf5 29.Bxf5 Bxf5+
30.Rxf5 Re4 31.g3 a4 32.a3 Kf7 33.Rh1 Rae8 34.Kc2 Ke6 35.Rf3 Rg4 36.Kd3 f5
37.Rf4 Rxf4 38.gxf4 Kf7 39.Kc2 Re6 40.b3 axb3+ 41.Kxb3 g6 42.Kb4 gxh5 43.Rxh5 Kg6
44.Rh1 h5 45.a4 bxa4 46.Kxa4 Kf7 47.Rxh5  1-0

[Event "12th Essent Open"]
[Site "Hoogeveen NED"]
[Date "2008.10.17"]
[Round "1"]
[White "Ernst,S"]
[Black "Lammens,Tim"]
[Result "1-0"]
[WhiteElo "2576"]
[BlackElo "2289"]

1.d4 Nf6 2.Bg5 d5 3.e3 c6 4.Bd3 Bg4 5.f3 Bh5 6.Ne2 Bg6 7.O-O Nbd7 8.c4 dxc4
9.Bxc4 Qa5 10.Bh4 e5 11.Nbc3 Be7 12.a3 O-O 13.Bg3 Rad8 14.Qe1 Bd6 15.e4 Qc7
16.Rd1 Nh5 17.d5 Nxg3 18.Nxg3 Nb6 19.Ba2 cxd5 20.Bxd5 Nxd5 21.Nxd5 Qc2 22.h4 f6
23.b4 Rfe8 24.h5 Bf7 25.Rf2 Qc8 26.Rc1 Qd7 27.Rd2 Bxd5 28.Rxd5 Qf7 29.Qe3 Bf8
30.Rcd1 Rxd5 31.Rxd5 a6 32.Qd2 Rc8 33.Rd7 Qc4 34.Kh2 Rc7 35.Rd8 Kf7 36.Nf5 Qe6
37.Rxf8+  1-0

[Event "24th ECC"]
[Site "Kallithea GRE"]
[Date "2008.10.17"]
[Round "1"]
[White "Perrett,D"]
[Black "Kveinys,A"]
[Result "0-1"]
[WhiteElo "1953"]
[BlackElo "2533"]

1.d4 Nf6 2.Bg5 d5 3.e3 c6 4.c3 Nbd7 5.Nf3 g6 6.Bd3 Bg7 7.Nbd2 O-O 8.h3 a5
9.a4 Qe8 10.Bf4 Nh5 11.Bc7 e5 12.dxe5 Nxe5 13.Be2 Nxf3+ 14.Bxf3 Qe7 15.Bb6 Nf6
16.Nb3 Nd7 17.Bxa5 b6 18.Bb4 c5 19.Ba3 Ba6 20.Qxd5 Ne5 21.O-O-O Bc4 22.Qd6 Qxd6
23.Rxd6 Nxf3 24.gxf3 Bxb3 25.Rxb6 Bxa4 26.Bxc5 Rfc8 27.Bd4 Bc6 28.Re1 Bxf3
29.Kc2 h5 30.h4 Ra5 31.Rg1 Be4+ 32.Kd2 Rf5 33.Ke2 Bxd4 34.exd4 Re8 35.c4 Bd5+  0-1

[Event "24th ECC"]
[Site "Kallithea GRE"]
[Date "2008.10.19"]
[Round "3"]
[White "Karttunen,M"]
[Black "Swinkels,R"]
[Result "0-1"]
[WhiteElo "2411"]
[BlackElo "2451"]

1.d4 Nf6 2.Bg5 d5 3.Nd2 e6 4.e3 c5 5.c3 Bd6 6.Bd3 Nbd7 7.f4 h6 8.Bxf6 Nxf6
9.Qf3 Qb6 10.Rb1 Bd7 11.Ne2 Bb5 12.Bxb5+ Qxb5 13.Nc1 g6 14.g4 h5 15.g5 Ng8
16.b3 cxd4 17.exd4 Qa5 18.c4 Bb4 19.Rb2 Ne7 20.Nd3 Bc3 21.Rc2 Nf5 22.b4 Nxd4
23.bxa5 Nxf3+ 24.Kd1 Bxd2 25.Rf1 Nxh2 26.Rh1 Nf3 27.Rf1 Nxg5 28.Kxd2 Ne4+
29.Ke3 Rc8 30.c5 Rc7 31.Rb1 Ke7 32.Rcb2 Nxc5 33.Nxc5 Rxc5 34.Rxb7+ Kf6 35.Rxa7 Rc3+
36.Kf2 Ra3 37.Rb2 h4 38.Kg2 h3+ 39.Kh1 Rc8 40.a6 Rc6 41.Rbb7 Kf5 42.Rxf7+ Kg4
43.Rac7 Rxc7 44.Rxc7 Rxa6  0-1

[Event "LiraH Autumn"]
[Site "Lichtenrade GER"]
[Date "2008.10.19"]
[Round "2"]
[White "Llopis de Aysa,M"]
[Black "Knopf,R"]
[Result "1/2-1/2"]
[WhiteElo "2173"]
[BlackElo "1940"]

1.d4 Nf6 2.Bg5 d5 3.e3 Nbd7 4.Nf3 e6 5.Nbd2 Be7 6.Bd3 O-O 7.c3 c5 8.Ne5 Nxe5
9.dxe5 Ne8 10.Bf4 g6 11.h4 d4 12.exd4 cxd4 13.c4 Bd7 14.h5 g5 15.Bg3 Bc6
16.Qe2 a5 17.O-O-O a4 18.Kb1 Qa5 19.Ne4 Nc7 20.f4 b5 21.fxg5 bxc4 22.Nf6+ Bxf6
23.gxf6 Kh8 24.Bxc4 Nb5 25.Bxb5 Bxb5 26.Qd2 d3 27.Qxa5 Rxa5 28.Bf4 Bc4 29.g3 Rb8
30.Rh2 Rab5 31.Rc1 Rc5 32.Rc3 Rbc8 33.Rc1 Bd5 34.Rxc5 Rxc5 35.Be3 Rc6 36.Bd4 Be4
37.Rd2 Kg8 38.b4 Rc2 39.Rxc2 dxc2+ 40.Kc1 Kf8 41.b5 Ke8  1/2-1/2

[Event "LiraH Autumn"]
[Site "Lichtenrade GER"]
[Date "2008.10.21"]
[Round "4"]
[White "Pluemer,D"]
[Black "Lerch,Ph"]
[Result "1/2-1/2"]
[WhiteElo "2185"]
[BlackElo "1904"]

1.d4 Nf6 2.Bg5 d5 3.Bxf6 exf6 4.e3 Bd6 5.c4 dxc4 6.Bxc4 O-O 7.Nc3 c6 8.Nf3 Be6
9.Bxe6 fxe6 10.Qb3 Qd7 11.Ne4 Na6 12.O-O Rf7 13.Rfd1  1/2-1/2

[Event "WYCC Girls U18"]
[Site "Vung Tau City VIE"]
[Date "2008.10.22"]
[Round "3"]
[White "Corke,A"]
[Black "Deur,Z"]
[Result "0-1"]
[WhiteElo "2301"]
[BlackElo "2003"]

1.d4 Nf6 2.Bg5 d5 3.Bxf6 gxf6 4.c4 c5 5.cxd5 Qxd5 6.e3 cxd4 7.Nc3 Qa5 8.exd4 e6
9.Bb5+ Nc6 10.Ne2 a6 11.Bxc6+ bxc6 12.O-O Be7 13.Qd3 Bb7 14.Rad1 Rd8 15.Qg3 Qh5
16.Nf4 Qf5 17.Nd3 Bd6 18.Qh4 Rg8 19.Nc5 Bc8 20.N3e4 Be7 21.g3 Qg6 22.Qf4 h5
23.Qf3 Rd5 24.Nd3 e5 25.dxe5 fxe5 26.Nc1 Bg4 27.Qb3 Rxd1 28.Rxd1 Bxd1 29.Qc4 h4  0-1

[Event "WYCC Boys U18"]
[Site "Vung Tau City VIE"]
[Date "2008.10.22"]
[Round "3"]
[White "Kulakov,V"]
[Black "Getz,N"]
[Result "1/2-1/2"]
[WhiteElo "2377"]
[BlackElo "2176"]

1.d4 Nf6 2.Bg5 d5 3.Bxf6 exf6 4.e3 c6 5.c4 dxc4 6.Bxc4 Bd6 7.Nc3 O-O 8.Nf3 Nd7
9.Bb3 f5 10.h3 Nf6 11.Qd3 Qe7 12.O-O h6 13.Nh4 Qd7 14.Rfe1 Bc7 15.e4 fxe4
16.Nxe4 Nd5 17.Nc3 Nf4 18.Qe3 g5 19.Nf3 Nxg2 20.Kxg2 Qxh3+ 21.Kg1 Bf4 22.Qd3 Bh2+
23.Kh1 Bf4+ 24.Kg1 Bh2+ 25.Kh1 Bf4+  1/2-1/2

[Event "WYCC Boys U18"]
[Site "Vung Tau City VIE"]
[Date "2008.10.22"]
[Round "4"]
[White "Le Quang Liem"]
[Black "Teixeira,RafaelG"]
[Result "1-0"]
[WhiteElo "2583"]
[BlackElo "2192"]

1.d4 Nf6 2.Bg5 d5 3.e3 Nbd7 4.c4 c6 5.Nc3 h6 6.Bxf6 Nxf6 7.Nf3 Ne4 8.Bd3 Nxc3
9.bxc3 g6 10.O-O Bg7 11.h3 O-O 12.Qe2 Be6 13.Rab1 Qc7 14.e4 b5 15.exd5 cxd5
16.cxb5 a6 17.Rfe1 Kh7 18.Bxg6+ Kxg6 19.Qd3+ Kf6 20.Re5 Bh8 21.Qh7 Rg8 22.Nh4 Rg6
23.Rbe1  1-0

[Event "24th ECC"]
[Site "Kallithea GRE"]
[Date "2008.10.23"]
[Round "7"]
[White "Hlinka,V"]
[Black "Garcia Palermo,C"]
[Result "0-1"]
[WhiteElo "2203"]
[BlackElo "2459"]

1.d4 Nf6 2.Bg5 d5 3.Bxf6 exf6 4.e3 Bd6 5.c4 dxc4 6.Bxc4 O-O 7.Ne2 f5 8.Nbc3 Nd7
9.g3 Nf6 10.Nf4 c6 11.Qc2 b5 12.Bd3 g6 13.O-O Bb7 14.Rfe1 c5 15.dxc5 Bxf4
16.exf4 b4 17.c6 Bxc6 18.Bb5 Bb7  0-1

[Event "24th ECC"]
[Site "Kallithea GRE"]
[Date "2008.10.23"]
[Round "7"]
[White "Collins,S IRL"]
[Black "Zagorskis,D"]
[Result "1/2-1/2"]
[WhiteElo "2412"]
[BlackElo "2509"]

1.d4 Nf6 2.Bg5 d5 3.Bxf6 exf6 4.e3 Bd6 5.g3 c6 6.Nd2 f5 7.Bg2 Nd7 8.Ne2 Nf6
9.O-O h5 10.c4 h4 11.cxd5 cxd5 12.Nf4 g5 13.Nxd5 Nxd5 14.Bxd5 hxg3 15.fxg3 Bxg3
16.Bxf7+ Kxf7 17.hxg3 Be6 18.Qf3 Kg6 19.g4 Qd7 20.gxf5+ Bxf5 21.Nc4 Rae8
22.Ne5+ Rxe5 23.dxe5 Rh3 24.Qg2 Qd3 25.Rxf5 Qxf5 26.Rf1 Qc8 27.Qe4+ Kh5 28.Qh7+ Kg4
29.Qe4+ Kh5 30.Kg2 Qg4+ 31.Qxg4+ Kxg4 32.Rf7  1/2-1/2

[Event "24th ECC"]
[Site "Kallithea GRE"]
[Date "2008.10.23"]
[Round "7"]
[White "Mehmeti,D"]
[Black "Arngrimsson,D"]
[Result "0-1"]
[WhiteElo "2403"]
[BlackElo "2392"]

1.d4 d5 2.Bg5 Nf6 3.Bxf6 exf6 4.e3 Bd6 5.Bd3 O-O 6.Qf3 c6 7.Nd2 Nd7 8.Ne2 Nb6
9.O-O g6 10.c4 h5 11.h3 dxc4 12.Nxc4 Nxc4 13.Bxc4 Bc7 14.Rfd1 Qd6 15.Ng3 Kg7
16.d5 h4 17.dxc6 Qb4 18.Ne4 f5 19.Nd2 b5 20.Bb3 a5 21.a3 Qd6 22.Nf1 Qf6 23.Rd2 Be5
24.Rb1 Ra6 25.Bd5 Rd8 26.e4 b4 27.a4 Rxc6 28.Bxc6 Rxd2 29.Nxd2 Qxc6 30.b3 Bb7
31.exf5 Qc2 32.Qe2 Qxf5 33.Re1 Bc3 34.Rd1 Qc2 35.Qf1 Bxd2 36.Qe2 Qc6 37.Qe5+ Kh7
38.f3 Qb6+ 39.Kh1 Qe3 40.Qf6 Bd5 41.Qxh4+ Kg7 42.Qd8 Qe2 43.Rg1 Bxb3 44.Qxa5 Qe8
45.Qc5 Be3 46.Qxb4 Bxg1 47.Kxg1 Bxa4 48.Qd4+ f6 49.Qa7+ Qd7 50.Qf2 Bc6 51.Kh2 Qd6+
52.Kg1 Kf7 53.Qa7+ Ke6 54.Qe3+ Qe5 55.Qb3+ Bd5 56.Qb6+ Kf5 57.Qb1+ Kg5 58.Qc1+ Kh5
59.Qd1 Qe3+ 60.Kh2 Be6 61.Qf1 Qd2 62.Kh1 Bd5 63.Kh2 Kh4 64.Kh1 Kg3 65.Qg1 Kf4
66.Qa1 f5 67.Qg7 g5 68.Qc7+ Ke3 69.Qc5+ Ke2 70.Qb5+ Kf2 71.Qc5+ Qe3 72.Qc2+ Kg3  0-1